Associer définition et pays #3 Asie - Océanie - Statistiques

Statistiques générales
  • Ce quiz a été pris 305 fois
  • Le résultat moyen est 12 sur 18
Statistiques - réponses
Hint Réponse % Correct
Pays où les cerisiers fleurissent chaque printemps, où les trains sont ponctuels au millimètre près et où la tradition rencontre la technologie à chaque coin de rue. Japon
87%
Pays des épices des vaches sacrées et des klaxons infinis ; ici le trafic est un sport extrême. Inde
83%
Pays où l’Himalaya touche le ciel, où les temples s’accrochent aux montagnes et où les yaks et sherpas font partie du quotidien. Népal
81%
Empire des contrastes où les pandas paresseux côtoient les mégalopoles surpeuplées, les traditions millénaires se fondent dans l’avenir high-tech et où tout semble possible. Chine
80%
Pays où la technologie avance plus vite que le soleil, où les dramas et la K-pop font vibrer la planète et où chaque repas est une explosion de saveurs épicées. Corée du Sud
80%
Pays continent où tout ce qui rampe nage ou vole semble vouloir vous mordre mais les gens sont les plus cool du monde. Australie
78%
Royaume où les dunes infinies se mêlent aux gratte-ciels futuristes, où le pétrole coule à flots et où les oasis se cachent derrière des traditions millénaires. Arabie Saoudite
77%
Ville-État où les jardins futuristes côtoient les gratte-ciels étincelants, où la propreté est une vertu et où les hawker centers offrent un tour du monde culinaire en un repas. Singapour
73%
Où l'odeur du thé noir se mêle à celle des épices les tapis volants sont remplacés par des bazars animés et le kebab est une véritable institution. Turquie
73%
Où les moutons sont plus nombreux que les habitants les paysages ressemblent à un décor de film et tout le monde est un peu jaloux de l'accent kiwi. Nouvelle-Zélande
72%
Pays de 170 îles des volcans et des selfies avec des singes kleptomanes. Indonésie
68%
Pays de la steppe infinie des yourtes et du sport national : la lutte au grand air. Mongolie
67%
Terre des cèdres majestueux, des mezzés généreux, où les montagnes plongent dans la Méditerranée et où la poésie du passé illumine le présent. Liban
62%
Terre des temples d’Angkor, des pagodes dorées et d’un passé chargé qui a forgé un peuple résilient et chaleureux. Cambodge
58%
Pays où les montagnes rencontrent les steppes et où Borat n’est toujours pas un sujet de fierté nationale. Kazakhstan
57%
Où les rizières s’étendent à l’infini, les pho fumants parfument les rues et les scooters forment une symphonie chaotique mais harmonieuse. Vietnam
50%
Pays où les pagodes côtoient les plages, où les marchés flottants débordent de saveurs et où le sourire est une carte de visite nationale. Thaïlande
48%
Le seul endroit où une discussion sur les meilleures falafels peut devenir aussi sérieuse qu’un débat politique, où l'histoire millénaire se mêle à l'innovation high-tech et où chaque pierre raconte une histoire. Israël
33%
Aucun quiz correspondant
Distribution des résultats
% des personnes avec chaque résultat
Percentile par nombre de réponses
Votre historique - résultats
Vous n’avez pas pris ce quiz